000 00693nas a2200241 4500
001 BR7904878
003 BR-BrBNA
005 20231205083848.0
007 ta
008 230509b bl.|||p| |||| 00| 00por d
040 _aBR-BrBNA
_bpor
_cBiblioteca Nacional de Agricultura
041 _a(Pt)
072 _aH00
100 1 _aLindenberg, R.B.
245 1 _aO que e preciso saber para evitar acidentes [Defensivo]
650 _aDefesa vegetal
650 _aDefensivo
650 _aPulverizacao
650 _aMaquina agricola
773 0 _tGranja (Brazil)
_xISSN 0367-505X
_g(Apr 1979), v. 35(375) p. 26-33
_wBR7904878
909 _a202311
_bLúcia
_c55
_dLúcia Elande
942 _2AGRIS
_n0
_cANA
999 _c101670
_d101670